banner koha

Estudos Sobre os Flagellados Parasitos dos Mammiferos do Brazil / (Registro n. 329507)

MARC details
000 -LÍDER
Campo de controle fixo 00895nam a22002537a 4500
001 - NÚMERO DE CONTROLE
Número de controle BR2024004439
003 - CÓDIGO MARC DA AGÊNCIA CATALOGADORA
Campo de controle BR-BrBNA
005 - DATA E HORA DA ÚLTIMA ATUALIZAÇÃO
Campo de controle 20250106144930.0
008 - CAMPO DE TAMANHO FIXO
Campo fixo de controle 250106b bl.||||| |||| 00| 0 por d
040 ## - FONTE DA CATALOGAÇÃO
Agência catalogadora BR-BrBNA
Idioma da catalogação por
041 ## - CÓDIGO DO IDIOMA
Código do Idioma por
072 ## - CATEGORIA AGRIS
Código da categoria de assunto/objeto <a href="F02">F02</a>
090 ## - NÚMERO DE CHAMADA
Localização na estante F02
Código BR BR2024004439
100 0# - ENTRADA PRINCIPAL - NOME PESSOAL
Código de relação aut.
Nome pessoal Fonseca da Ribeiro Oliveira Olympio
Forma completa do nome Olympio Oliveira Ribeiro da Fonseca
110 ## - ENTRADA PRINCIPAL - ENTIDADE
Código de relação aut.
Nome da entidade ou lugar Instituto Oswaldo Cruz,
245 ## - TÍTULO PRINCIPAL
Título principal Estudos Sobre os Flagellados Parasitos dos Mammiferos do Brazil /
260 ## - IMPRENTA (PUBLICAÇÃO, DISTRIBUIÇÃO, ETC.)
Lugar de publicação, distribuição, etc. Rio de Janeiro RJ (Brasil) :
Nome do editor, distribuidor, etc. Thypographia Leuzinger,
Data de publicação, distribuição, etc 1915.
300 ## - DESCRIÇÃO FÍSICA
Extensão 150 p.
520 ## - NOTA DE RESUMO, ETC
Nota de conteúdo investigação de protozoários flagelados parasitas de mamíferos brasileiros, ciclos de vida e impacto patológico, e o estudo de doenças tropicais.
650 ## - ASSUNTO - THESAGRO
Cabeçalho tópico ou nome geográfico Parasito
650 ## - ASSUNTO - THESAGRO
Cabeçalho tópico ou nome geográfico Parasito de Animal
909 ## - IDENTIFICAÇÃO DO CATALOGADOR
Ano e mês da catalogação (aaaamm) 012025
Identificação do catalogador Martins
942 ## - TIPO ESPECÍFICO
Tipo de material Livros
952 ## - LOCATION AND ITEM INFORMATION (KOHA)
-- 2025-01-06
Exemplares
Status de empréstimo Fonte de classificação Status de danificação Não pode ser emprestado Código da coleção Localização permanente Localização atual Localização na estante Total Checkouts Número de chamada Código de barras Tipo de material
  Classificação AGRIS     Obras Raras Biblioteca Nacional de Agricultura - Binagri Biblioteca Nacional de Agricultura - Binagri Agrobase - Obras Raras   F02 BR2024004439 OBR 2025-0128 Livros

BINAGRI

Telefone: (61)3218-2567/2388/3357/2097 - binagri@agro.gov.br

Ministério da Agricultura e Pecuária , Esplanada dos Ministérios, Bloco D, Anexo B, Brasília/DF, CEP: 70.043-900